Eco-Social Contracts for Sustainable and Just Futures (Запис № 579806)

МАРК-запис
000 -LEADER
fixed length control field 07233nam a22007215i 4500
001 - CONTROL NUMBER
control field 978-3-031-99109-7
003 - CONTROL NUMBER IDENTIFIER
control field DE-He213
005 - DATE AND TIME OF LATEST TRANSACTION
control field 20260304124115.0
007 - PHYSICAL DESCRIPTION FIXED FIELD--GENERAL INFORMATION
fixed length control field cr nn 008mamaa
008 - FIXED-LENGTH DATA ELEMENTS--GENERAL INFORMATION
fixed length control field 260215s2025 sz | s |||| 0|eng d
020 ## - INTERNATIONAL STANDARD BOOK NUMBER
International Standard Book Number 9783031991097
-- 978-3-031-99109-7
024 7# - OTHER STANDARD IDENTIFIER
Standard number or code 10.1007/978-3-031-99109-7
Source of number or code doi
050 #4 - LIBRARY OF CONGRESS CALL NUMBER
Classification number HM671
072 #7 - SUBJECT CATEGORY CODE
Subject category code JFF
Source bicssc
072 #7 - SUBJECT CATEGORY CODE
Subject category code SOC050000
Source bisacsh
072 #7 - SUBJECT CATEGORY CODE
Subject category code JBF
Source thema
082 04 - DEWEY DECIMAL CLASSIFICATION NUMBER
Classification number 303.372
Edition number 23
245 10 - TITLE STATEMENT
Title Eco-Social Contracts for Sustainable and Just Futures
Medium [electronic resource] :
Remainder of title Mobilising Collective Power to Deal with the 21st Century Polycrisis /
Statement of responsibility, etc edited by Patrick Huntjens, Najma Mohamed, Katja Hujo, Manisha Desai.
250 ## - EDITION STATEMENT
Edition statement 1st ed. 2025.
264 #1 -
-- Cham :
-- Springer Nature Switzerland :
-- Imprint: Springer,
-- 2025.
300 ## - PHYSICAL DESCRIPTION
Extent XXXVII, 430 p. 46 illus., 43 illus. in color.
Other physical details online resource.
336 ## -
-- text
-- txt
-- rdacontent
337 ## -
-- computer
-- c
-- rdamedia
338 ## -
-- online resource
-- cr
-- rdacarrier
341 0# -
-- PDF/UA-1
-- onix
341 0# -
-- Table of contents navigation
-- onix
341 0# -
-- Single logical reading order
-- onix
341 0# -
-- Short alternative textual descriptions
-- onix
341 0# -
-- Use of color is not sole means of conveying information
-- onix
341 0# -
-- Use of high contrast between text and background color
-- onix
341 0# -
-- Next / Previous structural navigation
-- onix
341 0# -
-- All non-decorative content supports reading without sight
-- onix
347 ## -
-- text file
-- PDF
-- rda
505 0# - FORMATTED CONTENTS NOTE
Formatted contents note Eco social contracts for sustainable, regenerative and just futures: Introduction and overview -- Seaweed king: Weaving narratives of loss and renewal in the anthropocene -- Restoring planetary balance: Exploring Muslim eco-social covenants for the earth -- A New Pact with Nature: From Social to Eco-Social Contracts -- Beyond sustainable development, to sustainable societies: Insights from feminist and indigenous theories and praxis -- Advancing Earth system governance: Key achievements and propositions for meaningful progress towards a global eco-social contract -- The European Green Deal: An eco-social contract for Europe? -- Radical democracy, ecology, and justice in India: Experiences from four decades of activist research -- The role of the rights of nature in establishing eco-social contracts -- Eco-social Contracts as a Pathway Toward Inclusive and Sustainable Futures: opportunities, challenges, and lessons learned -- Eco-social Contracts as a Pathway Toward Inclusive and Sustainable Futures: opportunities, challenges, and lessons learned -- The Transformation Flower Approach for Eco-Social Contracting -- The Climate COP: Process and pathways for eco- and peace-promoting social contracts -- Between resistance and cooperation: A balancing act towards new eco-social contracts in Latin America -- Contestation Movements and the Emergence of Eco-Social Contracts in India and Nepal -- Eco-social contracts for sustainable and just futures: Varieties of eco-social contracts in Japanese ecovillages and coliving-coworking arrangements -- The economy we want: Exploring the potential of participatory mechanisms to catalyse economic transformations -- Epilogue.
506 0# - RESTRICTIONS ON ACCESS NOTE
Terms governing access Open Access
520 ## - SUMMARY, ETC.
Summary, etc This groundbreaking open access volume introduces eco-social contracts as a bold and actionable vision for addressing the major, interconnected crises of our time—climate change, biodiversity loss, rising inequality, and the erosion of public trust and democratic legitimacy. At its heart lies a fundamental realization that can no longer be ignored: the social contract has been broken for billions of people. As a result, the bonds between people, planet, and power must be rewoven. Increasingly recognized by the UN, global assessments such as the IPBES Transformative Change Assessment, and by a growing international community of civil society leaders, youth movements, and NGOs, eco-social contracts call for renewed solidarity, systemic equity across generations and communities, inclusive governance, and a fundamental transformation of economic systems. They challenge dominant economic paradigms and present a holistic and compelling alternative—one that rebalances our relationships with nature, institutions, and one another. This book captures that momentum, blending visionary thinking and grounded inspiration with hard-won lessons on unlocking and mobilising collective agency. Rooted in diverse knowledge systems—from Indigenous cosmologies and feminist and care-based economics to regenerative development and post-growth thought—it brings together contributions from leading scholars, practitioners, artists, and activists across the globe. Bridging theory and practice, it offers vital insights into how regenerative, inclusive, and just futures can be co-created. For changemakers, students, and all those seeking hope, direction, and clarity in a time of global uncertainty, this book is both a call to action and a guide for transformation—inviting readers to imagine and co-create sustainable and just futures our hearts and minds know are possible.
532 8# -
-- Accessibility summary: This PDF has been created in accordance with the PDF/UA-1 standard to enhance accessibility, including screen reader support, described non-text content (images, graphs), bookmarks for easy navigation, keyboard-friendly links and forms and searchable, selectable text. We recognize the importance of accessibility, and we welcome queries about accessibility for any of our products. If you have a question or an access need, please get in touch with us at accessibilitysupport@springernature.com. Please note that a more accessible version of this eBook is available as ePub.
532 8# -
-- No reading system accessibility options actively disabled
532 8# -
-- Publisher contact for further accessibility information: accessibilitysupport@springernature.com
650 #0 - SUBJECT ADDED ENTRY--TOPICAL TERM
Topical term or geographic name as entry element Social justice.
650 #0 - SUBJECT ADDED ENTRY--TOPICAL TERM
Topical term or geographic name as entry element Environmental policy.
650 #0 - SUBJECT ADDED ENTRY--TOPICAL TERM
Topical term or geographic name as entry element Bioclimatology.
650 #0 - SUBJECT ADDED ENTRY--TOPICAL TERM
Topical term or geographic name as entry element Sustainability.
650 14 - SUBJECT ADDED ENTRY--TOPICAL TERM
Topical term or geographic name as entry element Social Justice.
650 24 - SUBJECT ADDED ENTRY--TOPICAL TERM
Topical term or geographic name as entry element Environmental Policy.
650 24 - SUBJECT ADDED ENTRY--TOPICAL TERM
Topical term or geographic name as entry element Climate Change Ecology.
650 24 - SUBJECT ADDED ENTRY--TOPICAL TERM
Topical term or geographic name as entry element Sustainability.
700 1# - ADDED ENTRY--PERSONAL NAME
Personal name Huntjens, Patrick.
Relator term editor.
-- (orcid)0000-0001-9089-317X
-- https://orcid.org/0000-0001-9089-317X
Relator code edt
-- http://id.loc.gov/vocabulary/relators/edt
9 (RLIN) 6674
700 1# - ADDED ENTRY--PERSONAL NAME
Personal name Mohamed, Najma.
Relator term editor.
Relator code edt
-- http://id.loc.gov/vocabulary/relators/edt
9 (RLIN) 23562
700 1# - ADDED ENTRY--PERSONAL NAME
Personal name Hujo, Katja.
Relator term editor.
-- (orcid)0000-0001-6835-9974
-- https://orcid.org/0000-0001-6835-9974
Relator code edt
-- http://id.loc.gov/vocabulary/relators/edt
9 (RLIN) 23563
700 1# - ADDED ENTRY--PERSONAL NAME
Personal name Desai, Manisha.
Relator term editor.
Relator code edt
-- http://id.loc.gov/vocabulary/relators/edt
9 (RLIN) 23564
710 2# - ADDED ENTRY--CORPORATE NAME
Corporate name or jurisdiction name as entry element SpringerLink (Online service)
773 0# - HOST ITEM ENTRY
Title Springer Nature eBook
776 08 - ADDITIONAL PHYSICAL FORM ENTRY
Display text Printed edition:
International Standard Book Number 9783031991080
776 08 - ADDITIONAL PHYSICAL FORM ENTRY
Display text Printed edition:
International Standard Book Number 9783031991103
776 08 - ADDITIONAL PHYSICAL FORM ENTRY
Display text Printed edition:
International Standard Book Number 9783031991110
856 40 - ELECTRONIC LOCATION AND ACCESS
Uniform Resource Identifier <a href="https://doi.org/10.1007/978-3-031-99109-7">https://doi.org/10.1007/978-3-031-99109-7</a>
912 ## -
-- ZDB-2-SLS
912 ## -
-- ZDB-2-SXS
912 ## -
-- ZDB-2-SOB

Немає доступних примірників.